Quản lý khu vực công

Sách giới thhiệu những kiến thức chung nhất về khu vực công và vai trò của nó đối với sự phát triển kinh tế - xã hội. Đồng thời, trình bày những nội dung cơ bản nhất về hoạt động quản lý khu vực công trên một số lĩnh vực chủ yếu...

Celý popis

Uloženo v:
Podrobná bibliografie
Hlavní autor: Vũ Huy Từ
Médium: Kniha
Jazyk:Undetermined
Vydáno: Hà Nội KHKT 1998
Témata:
Tagy: Přidat tag
Žádné tagy, Buďte první, kdo otaguje tento záznam!
Thư viện lưu trữ: Trung tâm Học liệu Trường Đại học Cần Thơ
LEADER 00865nam a2200181Ia 4500
001 CTU_27382
008 210402s9999 xx 000 0 und d
082 |a 351 
082 |b T550 
100 |a Vũ Huy Từ 
245 0 |a Quản lý khu vực công 
245 0 |c Vũ Huy Từ, Lê Chi Mai, Võ Kim Sơn 
260 |a Hà Nội 
260 |b KHKT 
260 |c 1998 
520 |a Sách giới thhiệu những kiến thức chung nhất về khu vực công và vai trò của nó đối với sự phát triển kinh tế - xã hội. Đồng thời, trình bày những nội dung cơ bản nhất về hoạt động quản lý khu vực công trên một số lĩnh vực chủ yếu 
650 |a public administration 
980 |a Trung tâm Học liệu Trường Đại học Cần Thơ